000 01040nam a2200277Ia 4500
003 OSt
005 20221005110758.0
006 a|||||r|||| 00| 0
007 ta
008 221004b |||||||| |||| 00| 0 hin d
020 _a9788126705719 (hbk)
_c400
024 _a9949
037 _bBR7982, 13/03/2014, Rajkamal Prakashan Pvt. Ltd.
_cTextual
040 _aCRL
_cCRL
_bhin
041 _2hin
_ahin
082 _aO152,1:gN5, L8;Q2
100 _aशर्मा, रामविलास
245 0 _aनयी कविता और अस्तित्ववाद
246 _aNayī kavitā aur astitvavāda
250 _a3 संस्करण
260 _aनई दिल्ली
_bराजकमल प्रकाशन भारत
_c2012
300 _a298पृ0
_ccm.
650 _aहिन्दी साहित्य
942 _hO152,1:gN5, L8;Q2
_cTEXL
_2cc
999 _c1019867
_d1019867